000 00878nam a2200301Ia 4500
001 22842
005 20240114000657.0
007 ta
008 060322s1984 g b000 u 465 u
020 _a0-471-80515-7
040 _aCotton College,Assam
041 _a465
082 _a537.5
_bCo 67 El
100 _aColclaser, Roy A. .
245 0 _aElectronic Circuit Analysis: Basic Principles /
_cRoy A. Colclaser, Donald A. Neamen & Charles F. Hawkins.
_hTextual Documents
250 _a1st ed. /
260 _aNew York :
_bJohn Wiley & Sons ,
_cC1984.
300 _axviii,573p. ;
_c24cm.
504 _aIndex
653 _aElectronic Circuit
653 _aElectronic apparatus and appliances
653 _aG-Physics
700 _aNeamen , Donald A. .
700 _aHawkins, Charles F. .
942 _2ddc
_cBK
999 _c22824
_d22824